La expropiación ante el derecho civil
Saved in:
| Hovedforfatter: | |
|---|---|
| Format: | Bog |
| Sprog: | spansk |
| Udgivet: |
Santiago
Jurídica
1995
|
| Udgivelse: | 2a. ed |
| Fag: | |
| Tags: |
Tilføj Tag
Ingen Tags, Vær først til at tagge denne postø!
|
MARC
| LEADER | 00000nam a2200000 a 4500 | ||
|---|---|---|---|
| 001 | UCK9766 | ||
| 003 | CL-VaPUC | ||
| 008 | 060531e19950000CL |||||||||||||||||spa|d | ||
| 020 | |a 9561011182 | ||
| 082 | 0 | 4 | |a 346.83043 |b PEÑ |2 21 |
| 100 | |a Peñailillo Arévalo, Daniel Osvaldo |e autor |9 892680 | ||
| 245 | 1 | 3 | |a La expropiación ante el derecho civil |
| 250 | |a 2a. ed | ||
| 300 | |a 250 p | ||
| 942 | |c BK | ||
| 945 | |d 20060531 00:00:00 |a jtorresc | ||
| 260 | |a Santiago |b Jurídica |c 1995 | ||
| 650 | 7 | |a EXPROPIACION |2 CL-VaPUC |9 360440 | |
| 650 | 7 | |a PROCEDIMIENTO |2 CL-VaPUC |9 499677 | |
| 650 | 0 | |a Derecho civil |9 255013 | |
| 650 | 0 | |a Bienes |9 255749 | |
| 583 | |a last modification |c 20060531 00:00:00 |k Rodrigo Vera | ||
| 999 | |c 316829 |d 316827 | ||
| 952 | |0 0 |1 0 |4 0 |6 346_830430000000000_PEÑ_1995 |7 0 |8 A |9 392314 |a BIBDER |b BIBDER |d 2019-11-22 |i 4237234 |o 346.83043 PEÑ 1995 |p 4237234 |r 2023-01-25 |w 2019-11-22 |y BK |k DER | ||